KİRAZ KIZ (Kayıt no. 831547)

MARC ayrıntıları
000 -LEADER
sabit uzunluktaki kontrol alanı 00250nam a2200097Ia 4500
001 - KONTROL NUMARASI
kontrol alanı 831547
005 - EN SON İŞLEMİN TARİH VE ZAMANI
kontrol alanı 20250826172338.0
008 - SABİT-UZUNLUKTA VERİ ÖĞELERİ--GENEL BİLGİ
sabit uzunluktaki kontrol alanı 250824s9999 xx 000 0 und d
245 #0 - ESER / YAZAR
ESER ADI KİRAZ KIZ
Yazar Adı MUZAFFER İZGÜ
260 ## - YAYIN, DAĞITIM, VB.
YAYIN EVİ BİLGE KÜLTÜR SANAT YAYINLARI
Mevcut
Düşüm durumu Kayıp durumu Hasar Durumu Ödünç verilmez Ana kütüphane Geçerli Kütüphane Edinilen tarih Toplam ödünç verme sayısı Barkod Son görüntüleme tarihi Son ödünç verme tarihi Fiyatın geçerli olmaya başladığı tarih Koha materyal türü
        ŞEHİT ERKAN KURŞUN İLKOKULU ŞEHİT ERKAN KURŞUN İLKOKULU 24.08.2025 1 10422729 27.03.2026 24.03.2026 26.08.2025 Kitaplar
Gemini Bilgi Teknolojileri A.Ş. tarafından düzenlenmiştir.